Compression behaviour and energy absorption characteristics of unfilled and CaCO3 filled microcellular ethylene-octene copolymer vulcanizates (Record no. 56123)

MARC details
000 -LEADER
fixed length control field 00525nam a2200121Ia 4500
100 ## - MAIN ENTRY--AUTHOR NAME
Personal name Nayak N C
245 #0 - TITLE STATEMENT
Title Compression behaviour and energy absorption characteristics of unfilled and CaCO3 filled microcellular ethylene-octene copolymer vulcanizates
260 ## - PUBLICATION, DISTRIBUTION, ETC. (IMPRINT)
Name of publisher International Conference and Exhibition on Rubber and Allied Materials Asia Rub Tech Expo 2002. 28-30 November 2002, New Delhi. pp.100-105.
650 ## - SUBJECT ADDED ENTRY--TOPICAL TERM
Topical Term Vulcanizates
700 ## - ADDED ENTRY--PERSONAL NAME
Personal name Tripathy D K
942 ## - ADDED ENTRY ELEMENTS (KOHA)
Koha item type Journals
Holdings
Withdrawn status Lost status Damaged status Not for loan Home library Current library Shelving location Date acquired Koha item type
      Journals RRII Library RRII Library Rubber chemistry 17/12/2021 Journals